HUMAN EMBRYOLOGY (Record no. 18210)
[ view plain ]
| 000 -LEADER | |
|---|---|
| fixed length control field | 00328nam a22001577a 4500 |
| 003 - CONTROL NUMBER IDENTIFIER | |
| control field | SGT |
| 082 ## - DEWEY DECIMAL CLASSIFICATION NUMBER | |
| Classification number | 611 |
| Item number | H15S |
| 100 ## - MAIN ENTRY--PERSONAL NAME | |
| Personal name | SINGH, INDERBIR |
| 245 ## - TITLE STATEMENT | |
| Title | HUMAN EMBRYOLOGY |
| 250 ## - EDITION STATEMENT | |
| Edition statement | 10TH |
| 260 ## - PUBLICATION, DISTRIBUTION, ETC. (IMPRINT) | |
| Place of publication, distribution, etc | DELHI |
| Name of publisher, distributor, etc | JAYPEE BROTHERS |
| Year of Publication | 2015 |
| 300 ## - PAGE DESCRIPTION | |
| No. of Pages | 384 |
| 650 ## - SUBJECT ADDED ENTRY--TOPICAL TERM | |
| Topical term or geographic name as entry element | HOMOEOPATHIC |
| 653 ## - KEYWORDS--INDEX TERM | |
| Keyword term | EMBRYOLOGY |
| 942 ## - ADDED ENTRY ELEMENTS (KOHA) | |
| Source of classification or shelving scheme | Dewey Decimal Classification |
| Koha item type | Books |
| Withdrawn status | Lost status | Source of classification or shelving scheme | Damaged status | Not for loan | Home library | Current library | Shelving location | Date acquired | Vendor Name | Cost, normal purchase price | SGTU | Bill Number | Total Checkouts | Full call number | Accession No. (Barcode) | Date last seen | Bill Date | Koha item type |
|---|---|---|---|---|---|---|---|---|---|---|---|---|---|---|---|---|---|---|
| Dewey Decimal Classification | Homeopathy Library | Homeopathy Library | Text Book | 08/06/2019 | ABC PUB | 695.00 | SGTU | 7136 | 611 H15S | FH521 | 08/06/2019 | 09/08/2016 | Books | |||||
| Dewey Decimal Classification | Homeopathy Library | Homeopathy Library | Text Book | 08/06/2019 | ABC PUB | 695.00 | SGTU | 7136 | 611 H15S | FH522 | 08/06/2019 | 09/08/2016 | Books | |||||
| Dewey Decimal Classification | Homeopathy Library | Homeopathy Library | Text Book | 08/06/2019 | ABC PUB | 695.00 | SGTU | 7136 | 611 H15S | FH523 | 08/06/2019 | 09/08/2016 | Books | |||||
| Dewey Decimal Classification | Homeopathy Library | Homeopathy Library | Text Book | 08/06/2019 | ABC PUB | 695.00 | SGTU | 7136 | 611 H15S | FH524 | 08/06/2019 | 09/08/2016 | Books | |||||
| Dewey Decimal Classification | Homeopathy Library | Homeopathy Library | Text Book | 08/06/2019 | ABC PUB | 695.00 | SGTU | 7136 | 611 H15S | FH525 | 08/06/2019 | 09/08/2016 | Books |